| 000 | 00516nam a22001817a 4500 | ||
|---|---|---|---|
| 005 | 20230314144223.0 | ||
| 008 | 230314b ||||| |||| 00| 0 eng d | ||
| 040 | _cAL | ||
| 041 | _aEnglish | ||
| 082 |
_223 _a954/124 _bSHAA |
||
| 100 |
_aL P Sharma _975356 |
||
| 245 | _aAncient History of India: Pre Historic Age to 1200 A D | ||
| 260 |
_aNew Delhi _bVikas Publishing House Pvt Ltd _c1981 |
||
| 300 |
_ax,380 p. _bPB _c21x14 cm. |
||
| 650 |
_aHistory _975349 |
||
| 700 |
_aSHARMA (L P) _975350 |
||
| 942 |
_2ddc _cSG |
||
| 999 |
_c227027 _d227027 |
||